QCM sur Andorre - Statistiques

Statistiques générales
  • Ce quiz a été pris 54 fois
  • Le résultat moyen est 8 sur 10
Statistiques - réponses
Question Réponse % Correct
Quelle est la superficie d'Andorre ? 468 Km²
100%
Sur quelle chaîne de montagnes se situe Andorre Les Pyrénées
100%
Quelle est la monnaie d'Andorre ? L'Euro
100%
Quelle est la devise du pays ? Virtus Unita Fortior
100%
Combien Andorre a-t-elle reçu de médailles Olympiques ? Aucune
80%
Combien y a-t-il de ces subdivisions ? 7
60%
A quelle année remonte sa création ? An 788
60%
Quelle est la langue officielle d'Andorre ? Le Catalan
60%
Andorre a une plus grande frontière avec : L'Espagne
60%
Le pays est divisé en __________ Paroisses
60%
Aucun quiz correspondant
Distribution des résultats
% des personnes avec chaque résultat
Percentile par nombre de réponses
Votre historique - résultats
Vous n’avez pas pris ce quiz